MARC

LEADER 00000nam0a2200000 4500
001 135135
005 20231101220530.0
020 |a RU  |b 84-16313 
035 |a (RuTPU)RU\TPU\book\146464 
090 |a 135135 
100 |a 20080408g1984 m y0rusy5003 ca 
101 0 |a rus 
102 |a RU 
105 |a c z 000ay 
200 1 |a Братья и сестры  |e роман  |e в 4 кн.  |h Кн. 1-2  |f Ф. А. Абрамов 
210 |a Ленинград  |c Художественная литература  |c Ленингр. отд-ние  |d 1984 
215 |d 21 см  |a 520 с.  |c портр. 
610 1 |a Колхозы и колхозники (х. л.) 
610 1 |a Крестьянство - Север СССР (х. л.) 
610 1 |a советская литература 
610 1 |a романы 
675 |a Р2  |z rus 
700 1 |a Абрамов  |b Ф. А.  |c русский писатель  |f 1920-1983  |g Федор Александрович  |2 stltpush  |3 (RuTPU)RU\TPU\pers\20883  |9 8581 
801 0 |a RU  |b RuMRKP  |c 19950704  |g psbo 
801 1 |a RU  |b 63413507  |c 20080408  |g PSBO 
801 2 |a RU  |b 63413507  |c 20080408  |g PSBO 
942 |c BK